000
00298nam a22001217a 4500
020
_a
8174091947
082
_2
22
_a
620.106
100
_a
Jain, A. K.
245
_a
Fluid mechanics /
260
_a
New Delhi,
_b
Khanna Publishers,
_c
c2006.
300
_a
xx, 991 p. ;
_b
ill. ;
_c
23 cm.
942
_2
ddc
_c
MEC
_0
9
999
_c
295
_d
295